000 00566nam a22001817a 4500
005 20250731115622.0
010 _aENG-146265
020 _c4495.00
_a9789349015500
035 _aEN-129797
037 _bDBAD
082 _a345.5406026
100 _aRAMANUJAM, S
_983535
245 _aMERGERS ET AL/
_cBY S RAMANUJAN
_hEnglish
260 _aGURGAON
_bLEXIS NEXIS
270 _bGURGAON
_a14th FLOOR, BUILDING NO. 10, TOWER-B, DLF CYBER CITY, PHASE-II, GURGAON, HARYANA
_e122002
300 _a1936p
_c25cm(pbk)
942 _2ddc
_cEN
_h345.5406026
_mRAM
999 _c212751
_d212751